| 000 | 01051nam a2200241 4500 | ||
|---|---|---|---|
| 005 | 20160912151139.0 | ||
| 008 | 160912t2008 -usad|||r|||| 00| 0 spa d | ||
| 020 | _a9781934151136 | ||
| 040 |
_aCO-BoIAVH _cCO-BoIAVH |
||
| 041 | 0 | _aspa | |
| 044 | _axxu | ||
| 082 | 0 | 4 |
_a333.9516 _bE92r |
| 245 | 1 | 0 |
_aEvaluación rápida de la biodiversidad de los ecosistemas acuáticos de la cuenca alta del río Paragua, Estado de Bolívar, Venezuela / _ceditado por Josefa Celsa Señaris, Carlos A. Lasso y Ana Liz Flores |
| 260 |
_aVirginia : _bConservation International, _c2008. |
||
| 300 |
_a308 páginas : _bilustraciones y gráficas ; _c28 x 22 cm. |
||
| 650 | 2 | 6 |
_aCursos de agua _xevaluación _zRío Paragua (Venezuela) |
| 650 | 2 | 6 |
_aBiodiversidad _xevaluación _zRío Paragua (Venezuela) |
| 650 | 2 | 6 |
_aEvaluación de poblaciones ícticas _zRío Paragua (Venezuela) |
| 700 | 1 |
_aCelsa-Señaris, Josefa _eeditora |
|
| 700 | 1 |
_aLasso, Carlos A. _eeditor |
|
| 700 | 1 |
_aFlores, Ana Liz _eeditora |
|
| 942 |
_cLIBRO _2ddc |
||
| 999 |
_c16625 _d16625 |
||